[Event "Warsaw Najdorf Memorial op-B 11th"]
[Site "Warsaw"]
[Date "2013.08.08"]
[Round "5"]
[White "Laszczak, Przemyslaw"]
[Black "Janik, Marcin"]
[Result "0-1"]
[WhiteElo "1545"]
[BlackElo "1790"]
[PlyCount "62"]
[EventDate "2013.08.05"]
[EventType "swiss"]
[EventRounds "9"]
[EventCountry "POL"]
[SourceTitle "CBM 155 Extra"]
[Source "ChessBase"]
[SourceDate "2013.08.26"]
[SourceVersion "1"]
[SourceVersionDate "2013.08.26"]
[SourceQuality "1"]

1. e4 c5 2. Nf3 e6 3. d4 cxd4 4. Nxd4 a6 5. Nc3 b5 6. Be3 Bb7 7. f3 Nf6 8. Qd2 d5 9. e5 Nfd7 10. f4 Nc6 11. 0-0-0 Rc8 12. f5 Nxd4 13. Bxd4 Qa5 14. Kb1 Bc5 15. Bxc5 Rxc5 16. Qd4 Qc7 17. Bd3 Qxe5 18. Qxe5 Nxe5 19. fxe6 f6 20. Bf5 Ke7 21. Rhe1 g6 22. Bh3 Rd8 23. Ne2 Bc8 24. Nf4 Bb7 25. Re2 g5 26. Nh5 g4 27. Nxf6 gxh3 28. gxh3 Kxf6 29. Rf1+ Kxe6 30. b4 Rc4 31. c3 Re4 0-1

[Event "Warsaw-ch opB 66th"]
[Site "Warsaw"]
[Date "2013.05.18"]
[Round "8"]
[White "Janik, Marcin"]
[Black "Koziol, Pawel"]
[Result "0-1"]
[WhiteElo "1853"]
[BlackElo "1883"]
[PlyCount "145"]
[EventDate "2013.05.11"]
[EventType "swiss"]
[EventRounds "9"]
[EventCountry "POL"]
[SourceTitle "CBM 154 Extra"]
[Source "ChessBase"]
[SourceDate "2013.06.25"]
[SourceVersion "2"]
[SourceVersionDate "2013.06.25"]
[SourceQuality "1"]

1. e4 e5 2. Nf3 Nc6 3. Bb5 a6 4. Ba4 Nf6 5. 0-0 Be7 6. Re1 b5 7. Bb3 d6 8. c3 0-0 9. h3 Re8 10. a4 Bb7 11. Ng5 Rf8 12. d4 h6 13. Nf3 Re8 14. Nbd2 Bf8 15. d5 Ne7 16. Qe2 c6 17. dxc6 Bxc6 18. axb5 axb5 19. Rxa8 Qxa8 20. Bc2 Ng6 21. g3 Qc8 22. Kh2 Bd7 23. Ng1 Nh7 24. Ndf3 Be7 25. Bb3 Rf8 26. Be3 Kh8 27. Ra1 f5 28. Bd5 Bc6 29. Bxc6 Qxc6 30. exf5 Rxf5 31. Qc2 Rf6 32. Ra7 Nhf8 33. Nd2 d5 34. Qb3 Bc5 35. Ra6 Qxa6 36. Bxc5 Qc6 37. Be3 Nd7 38. Qb4 Ngf8 39. Ne2 Rd6 40. Qg4 Rg6 41. Qf5 Rf6 42. Qg4 Qe6 43. Qb4 Qc6 44. Qg4 Ne6 45. Qh4 Kg8 46. Qh5 Qd6 47. Qh4 Nec5 48. Qb4 Nd3 49. Qxb5 Nxf2 50. Qa4 Qe6 51. Ng1 e4 52. Qa7 Nd3 53. Ne2 N7e5 54. Nf4 Nxf4 55. Bxf4 Nf3+ 56. Kg2 Nxd2 57. Bxd2 Qf7 58. Qe3 Rf3 59. Qe2 g5 60. Be3 Qc7 61. Bf2 Qc4 62. Qd2 Qd3 63. Qxd3 Rxd3 64. Kg1 Kf7 65. Kg2 Ke6 66. Be1 Kd6 67. b4 Kc6 68. h4 g4 69. Kf2 Kb5 70. h5 Rf3+ 71. Ke2 Kc4 72. Bd2 Rxg3 73. Bxh6 0-1

[Event "Warsaw-ch opB 66th"]
[Site "Warsaw"]
[Date "2013.05.16"]
[Round "6"]
[White "Starczewska, Malgorzata"]
[Black "Janik, Marcin"]
[Result "1/2-1/2"]
[WhiteElo "1829"]
[BlackElo "1853"]
[PlyCount "62"]
[EventDate "2013.05.11"]
[EventType "swiss"]
[EventRounds "9"]
[EventCountry "POL"]
[SourceTitle "CBM 154 Extra"]
[Source "ChessBase"]
[SourceDate "2013.06.25"]
[SourceVersion "2"]
[SourceVersionDate "2013.06.25"]
[SourceQuality "1"]

1. e4 e5 2. Nf3 Nc6 3. Bb5 a6 4. Ba4 Nf6 5. Qe2 b5 6. Bb3 Bc5 7. a4 Rb8 8. c3 0-0 9. axb5 axb5 10. 0-0 d6 11. d3 b4 12. Ba4 Bd7 13. Nbd2 Ra8 14. Nb3 Bb6 15. Bg5 bxc3 16. bxc3 Ne7 17. Bxd7 Qxd7 18. d4 Qg4 19. Nbd2 Ng6 20. h3 Nf4 21. Bxf4 Qxf4 22. g3 Qh6 23. Nc4 Nd7 24. Nxb6 Nxb6 25. dxe5 dxe5 26. Nxe5 Qxh3 27. Rad1 Ra5 28. Qg4 Qxg4 29. Nxg4 Rc5 30. Rd3 Rc4 31. f3 Na4 1/2-1/2

[Event "Warsaw-ch opB 66th"]
[Site "Warsaw"]
[Date "2013.05.15"]
[Round "5"]
[White "Janik, Marcin"]
[Black "Kowalczyk, Waldemar"]
[Result "1/2-1/2"]
[WhiteElo "1853"]
[BlackElo "1747"]
[PlyCount "101"]
[EventDate "2013.05.11"]
[EventType "swiss"]
[EventRounds "9"]
[EventCountry "POL"]
[SourceTitle "CBM 154 Extra"]
[Source "ChessBase"]
[SourceDate "2013.06.25"]
[SourceVersion "2"]
[SourceVersionDate "2013.06.25"]
[SourceQuality "1"]

1. e4 e6 2. d4 d5 3. Nc3 Nf6 4. e5 Nfd7 5. f4 c5 6. Nf3 Nc6 7. Be3 Be7 8. Qd2 a6 9. Be2 b5 10. a3 c4 11. 0-0 f5 12. Ng5 Bxg5 13. fxg5 g6 14. g4 Ne7 15. Bf3 Nb6 16. Ne2 Bd7 17. Ng3 c3 18. Qxc3 Rc8 19. Qb3 Qc7 20. c3 Qc4 21. Qxc4 Nxc4 22. Bc1 0-0 23. gxf5 Nxf5 24. Nxf5 Rxf5 25. Be2 Rcf8 26. Rxf5 Rxf5 27. b3 Na5 28. Rb1 Rf8 29. Bd2 Nc6 30. Rf1 Rc8 31. Rf3 Ne7 32. Kf2 Nf5 33. Bd3 Kg7 34. Ke1 Rc7 35. Kd1 Be8 36. Be2 Bd7 37. Be1 Be8 38. Kc2 Bd7 39. Kb2 Rc8 40. Bd3 Rh8 41. Be2 a5 42. c4 bxc4 43. bxc4 Rb8+ 44. Kc3 a4 45. Bd1 dxc4 46. Kxc4 Bc6 47. Rc3 Ne7 48. Kd3 Bb5+ 49. Kd2 Nd5 50. Rc5 Bd7 51. Ra5 1/2-1/2

[Event "Warsaw-ch opB 66th"]
[Site "Warsaw"]
[Date "2013.05.14"]
[Round "4"]
[White "Zbrzeski, Piotr"]
[Black "Janik, Marcin"]
[Result "0-1"]
[WhiteElo "1801"]
[BlackElo "1853"]
[PlyCount "104"]
[EventDate "2013.05.11"]
[EventType "swiss"]
[EventRounds "9"]
[EventCountry "POL"]
[SourceTitle "CBM 154 Extra"]
[Source "ChessBase"]
[SourceDate "2013.06.25"]
[SourceVersion "2"]
[SourceVersionDate "2013.06.25"]
[SourceQuality "1"]

1. d4 Nf6 2. Bf4 g6 3. e3 d5 4. c4 Bg7 5. Nc3 0-0 6. Qb3 c6 7. Nf3 Qa5 8. cxd5 Nxd5 9. Be5 Nd7 10. Bxg7 Kxg7 11. Bd3 Re8 12. 0-0 Nxc3 13. bxc3 Qh5 14. Be2 Qf5 15. Qb1 Qxb1 16. Raxb1 e5 17. Rfd1 exd4 18. Rxd4 Nf6 19. Kf1 c5 20. Rdd1 b6 21. Bb5 Re7 22. Rbc1 Bb7 23. a3 Rc8 24. Nd2 a6 25. Be2 b5 26. Bf3 Rd8 27. Bxb7 Rxb7 28. Nb3 Rxd1+ 29. Rxd1 Rd7 30. Rxd7 Nxd7 31. Ke2 Kf6 32. e4 Ke5 33. Ke3 Kd6 34. f4 f6 35. g4 g5 36. h3 Nb6 37. Nd2 h6 38. Kf3 Na4 39. Nb1 a5 40. Ke3 Nb2 41. fxg5 hxg5 42. Kf3 Nc4 43. Kf2 Ke5 44. Kf3 b4 45. axb4 cxb4 46. Ke2 Kxe4 47. Kd1 Kd3 48. Kc1 bxc3 49. h4 gxh4 50. g5 fxg5 51. Nd2 cxd2+ 52. Kd1 Nb2# 0-1

[Event "Warsaw-ch opB 66th"]
[Site "Warsaw"]
[Date "2013.05.12"]
[Round "2"]
[White "Nowak, Edward"]
[Black "Janik, Marcin"]
[Result "0-1"]
[WhiteElo "1766"]
[BlackElo "1853"]
[PlyCount "66"]
[EventDate "2013.05.11"]
[EventType "swiss"]
[EventRounds "9"]
[EventCountry "POL"]
[SourceTitle "CBM 154 Extra"]
[Source "ChessBase"]
[SourceDate "2013.06.25"]
[SourceVersion "2"]
[SourceVersionDate "2013.06.25"]
[SourceQuality "1"]

1. c4 c5 2. Nf3 Nc6 3. Nc3 Nf6 4. g3 d5 5. cxd5 Nxd5 6. Bg2 Nc7 7. 0-0 g6 8. b3 Bg7 9. Bb2 0-0 10. Na4 Bxb2 11. Nxb2 Rb8 12. Na4 b6 13. d3 Bb7 14. Qd2 Nd4 15. Nxd4 Bxg2 16. Kxg2 Qxd4 17. Rac1 Qd6 18. Rfd1 Rbd8 19. Kg1 e5 20. Nb2 Rd7 21. Nc4 Qe6 22. Qb2 f6 23. a4 a5 24. Rd2 Rfd8 25. Rcd1 Qc6 26. Qc2 Kg7 27. Qb2 Ne6 28. e3 Ng5 29. Nxe5 fxe5 30. Qxe5+ Qf6 31. Qxf6+ Kxf6 32. Kg2 Ne4 33. Rc2 Rxd3 0-1